000 00783nam a22002537a 4500
001 47018
003 UA-OsUOA
005 20201127122623.0
007 ta
008 20120530b un ||||| |||| 00| 0 ukr d
040 _aUA-OsUOA
_bukr
_cUA-OsUOA
_dUA-OsUOA
041 _aukr
080 _a09.-94(477)
090 _a09.-94(477)
_bФ68
100 _aФіломеля Д.
245 _aУкраїнський літопис або календар історичних подій
260 _aВінніпег
_c1950
300 _a104 с.
650 7 _a0 Загальний відділ.
_2UDC
942 _cBK
_2udc
955 _a1
999 _c427124
_d427124